[Event "GER-ch Rapid 49th"]
[Site "Dinkelsbuehl"]
[Date "2023.11.12"]
[Round "9"]
[White "Kleeschaetzky, Rainer"]
[Black "Huber, Benedikt"]
[Result "1/2-1/2"]
[WhiteElo "2243"]
[BlackElo "2270"]
[PlyCount "104"]
[EventDate "2023.11.11"]
[EventType "swiss (rapid)"]
[EventRounds "9"]
[EventCountry "GER"]
[SourceTitle "CB46_2023"]
[SourceDate "2023.11.15"]
[SourceVersion "1"]
[SourceVersionDate "2023.11.15"]
[SourceQuality "1"]

1. e4 e5 2. Nf3 Nc6 3. Bb5 a6 4. Ba4 Nf6 5. d3 b5 6. Bb3 Bc5 7. 0-0 d6 8. c3 Bb6 9. h3 h6 10. Re1 0-0 11. Nbd2 Ne7 12. a4 Bd7 13. axb5 axb5 14. Rxa8 Qxa8 15. Nf1 Ng6 16. Be3 Bxe3 17. fxe3 Qc8 18. Kh2 c5 19. Ng3 c4 20. Bc2 Qc6 21. Qe2 Rb8 22. Rd1 Be6 23. Nd2 Ne7 24. Rf1 cxd3 25. Bxd3 b4 26. c4 Ng6 27. Ra1 Ra8 28. Qe1 Nd7 29. Rxa8+ Qxa8 30. Nb3 Qa4 31. Qd1 Nc5 32. Bc2 Qa6 33. Nxc5 dxc5 34. b3 Qc6 35. Qd3 Qd7 36. Qe2 Nf8 37. Nf1 Nh7 38. Qd3 Qxd3 39. Bxd3 Kf8 40. Nd2 Bd7 41. Nf3 f6 42. h4 g5 43. hxg5 hxg5 44. Kg3 Ke7 45. Nd2 Nf8 46. Be2 Ne6 47. Bg4 Bc6 48. Bxe6 Kxe6 49. Kh3 f5 50. exf5+ Kxf5 51. g4+ Ke6 52. e4 Be8 1/2-1/2

[Event "GER-ch Rapid 49th"]
[Site "Dinkelsbuehl"]
[Date "2023.11.12"]
[Round "8"]
[White "Ochs, Daniel Elias"]
[Black "Kleeschaetzky, Rainer"]
[Result "1/2-1/2"]
[WhiteElo "2272"]
[BlackElo "2243"]
[PlyCount "67"]
[EventDate "2023.11.11"]
[EventType "swiss (rapid)"]
[EventRounds "9"]
[EventCountry "GER"]
[SourceTitle "CB46_2023"]
[SourceDate "2023.11.15"]
[SourceVersion "1"]
[SourceVersionDate "2023.11.15"]
[SourceQuality "1"]

1. f4 c5 2. Nf3 Nc6 3. e3 g6 4. d4 cxd4 5. exd4 d5 6. c3 Bg7 7. Bd3 Nh6 8. 0-0 Bf5 9. Be2 Be4 10. Nbd2 f5 11. Nxe4 fxe4 12. Ne5 e6 13. Qa4 Qb6 14. Kh1 Nf7 15. Bg4 Nfd8 16. Qd1 Qc7 17. Be3 0-0 18. h4 Qe7 19. g3 Nf7 20. Qe2 Nh6 21. h5 Nxe5 22. fxe5 Nxg4 23. Qxg4 gxh5 24. Qxh5 Rxf1+ 25. Rxf1 Rf8 26. Rxf8+ Qxf8 27. Kg2 Qf5 28. Qe2 h5 29. Bf4 h4 30. Qf2 Qg4 31. Kh2 hxg3+ 32. Bxg3 Bh6 33. Qf6 Bg7 34. Qf2 1/2-1/2

[Event "Oberliga Nord O 2122"]
[Site "Germany"]
[Date "2021.10.31"]
[Round "1.2"]
[White "Noetzel, Felix"]
[Black "Kleeschaetzky, Rainer"]
[Result "1/2-1/2"]
[WhiteElo "2215"]
[BlackElo "2290"]
[PlyCount "113"]
[EventDate "2021.10.31"]
[EventType "team-tourn"]
[EventRounds "9"]
[EventCountry "GER"]
[SourceTitle "EXT 2023"]
[Source "ChessBase"]
[SourceDate "2022.10.05"]
[SourceVersion "1"]
[SourceVersionDate "2022.10.05"]
[SourceQuality "1"]
[WhiteTeam "Berlin SF III"]
[BlackTeam "Forster"]
[WhiteTeamCountry "GER"]
[BlackTeamCountry "GER"]

1. c4 c6 2. Nf3 d5 3. e3 Nf6 4. Nc3 Bg4 5. Qb3 Qb6 6. Qxb6 axb6 7. cxd5 Bxf3 8. gxf3 Nxd5 9. Nxd5 cxd5 10. f4 Nc6 11. Bb5 e6 12. a4 Bb4 13. b3 Ke7 14. Bb2 Rhg8 15. Rg1 g6 16. Rb1 Rgc8 17. Ke2 Bc5 18. Rgc1 Nb4 19. d4 Bd6 20. Rxc8 Rxc8 21. Rc1 Rxc1 22. Bxc1 Nc6 23. Kd3 Na7 24. f3 Nxb5 25. axb5 Kf6 26. e4 Kg7 27. Bd2 Bc7 28. Ke3 Kh6 29. Bb4 Bd8 30. Kf2 Kh5 31. Bd6 Kh4 32. Kg2 Bf6 33. Be5 Bxe5 34. fxe5 dxe4 35. fxe4 Kg4 36. d5 exd5 37. exd5 Kf5 38. d6 Ke6 39. Kf3 f6 40. exf6 Kxd6 41. Ke4 h6 42. f7 Ke7 43. Ke5 Kxf7 44. Kd6 g5 45. Kc7 g4 46. Kxb6 h5 47. Kxb7 h4 48. Kc8 g3 49. hxg3 hxg3 50. b6 g2 51. b7 g1Q 52. b8Q Qg8+ 53. Kb7 Qg2+ 54. Kb6 Qf2+ 55. Ka5 Qa2+ 56. Kb4 Qd2+ 57. Ka3 1/2-1/2

[Event "GER-ch Net blitz sf"]
[Site "Playchess.com INT"]
[Date "2021.06.05"]
[Round "10"]
[White "Mueller, Sebastian1111"]
[Black "Kleeschaetzky, Rainer"]
[Result "0-1"]
[WhiteElo "1941"]
[BlackElo "2160"]
[PlyCount "78"]
[EventDate "2021.06.05"]
[EventType "swiss (blitz)"]
[EventRounds "13"]
[EventCountry "GER"]
[SourceTitle "EXT 2023"]
[Source "ChessBase"]
[SourceDate "2022.10.05"]
[SourceVersion "1"]
[SourceVersionDate "2022.10.05"]
[SourceQuality "1"]

1. d4 d5 2. c4 c6 3. cxd5 cxd5 4. Nc3 Nf6 5. Bf4 Nc6 6. e3 Bf5 7. Bd3 Bxd3 8. Qxd3 e6 9. a3 Be7 10. Nge2 0-0 11. 0-0 Rc8 12. f3 a6 13. e4 dxe4 14. fxe4 e5 15. Be3 exd4 16. Nxd4 Bc5 17. Rad1 Ne5 18. Qe2 Nfg4 19. Nf5 Nxe3 20. Nxe3 Qb6 21. Ncd5 Bxe3+ 22. Qxe3 Qxe3+ 23. Nxe3 Rfe8 24. Rd5 f6 25. Nf5 Rc6 26. Nd6 Rb8 27. Rfd1 h5 28. b4 Rc3 29. a4 Ra3 30. a5 Re3 31. Nf5 Rxe4 32. Rd8+ Rxd8 33. Rxd8+ Kh7 34. b5 axb5 35. Rb8 Ra4 36. Rxb7 Rxa5 37. Nxg7 Kg6 38. Ne6 Nd3 39. Nd4 Ra1# 0-1

[Event "GER-ch Net blitz qual4"]
[Site "Playchess.com INT"]
[Date "2021.05.10"]
[Round "2"]
[White "Kleeschaetzky, Rainer"]
[Black "Lu, Yunong Elias"]
[Result "1-0"]
[WhiteElo "2063"]
[BlackElo "1851"]
[PlyCount "57"]
[EventDate "2021.05.10"]
[EventType "swiss (blitz)"]
[EventRounds "11"]
[EventCountry "GER"]
[SourceTitle "CBM 202 Extra"]
[Source "ChessBase"]
[SourceDate "2021.07.31"]
[SourceVersion "1"]
[SourceVersionDate "2021.07.31"]
[SourceQuality "1"]

1. e4 c6 2. d4 d5 3. e5 Bf5 4. h4 h6 5. g4 Be4 6. f3 Bh7 7. h5 e6 8. f4 Ne7 9. Nf3 Nc8 10. c3 Be7 11. Be3 Nd7 12. Nbd2 Ncb6 13. Bh3 Rc8 14. 0-0 c5 15. a3 c4 16. f5 exf5 17. gxf5 f6 18. e6 Nb8 19. Nh4 0-0 20. Qg4 Kh8 21. Ng6+ Bxg6 22. hxg6 Rg8 23. Qh5 Bf8 24. Bf4 Nc6 25. Rae1 Ne7 26. Nf3 Rc6 27. Nh2 Nbc8 28. Ng4 Nd6 29. Bxh6 1-0

[Event "GER-ch Net blitz qual2"]
[Site "Playchess.com INT"]
[Date "2021.05.04"]
[Round "10"]
[White "Kleeschaetzky, Rainer"]
[Black "Engel, Frank"]
[Result "1-0"]
[WhiteElo "2108"]
[BlackElo "1756"]
[PlyCount "113"]
[EventDate "2021.05.04"]
[EventType "swiss (blitz)"]
[EventRounds "11"]
[EventCountry "GER"]
[SourceTitle "CBM 202 Extra"]
[Source "ChessBase"]
[SourceDate "2021.07.31"]
[SourceVersion "1"]
[SourceVersionDate "2021.07.31"]
[SourceQuality "1"]

1. e4 c5 2. Nf3 d6 3. d4 cxd4 4. Qxd4 Nc6 5. Bb5 Bd7 6. Bxc6 bxc6 7. c4 c5 8. Qe3 Nf6 9. 0-0 g6 10. Nc3 Bg7 11. h3 0-0 12. Rb1 Bc6 13. b3 Qb6 14. Bb2 Nd7 15. Nd5 e5 16. Rfd1 Bxd5 17. Rxd5 Nf6 18. Rd3 Rfd8 19. Rbd1 Bf8 20. Ne1 a5 21. f3 a4 22. Qd2 axb3 23. axb3 Ra2 24. Qc1 Rb8 25. Nc2 Nh5 26. Na3 Nf4 27. Re3 Ra8 28. Nb5 R8a6 29. Kh2 Qa5 30. g3 Nh5 31. Red3 Qb6 32. Qb1 Qb7 33. R1d2 Qe7 34. h4 Qf6 35. Kh3 Ng7 36. Nc7 Ra7 37. Nd5 Qe6+ 38. Kg2 f5 39. Nc3 R2a6 40. Qd1 fxe4 41. Nxe4 Nf5 42. Ng5 Qf6 43. Qe2 Nd4 44. Bxd4 cxd4 45. Qe4 Ra2 46. Qd5+ Kg7 47. b4 Rxd2+ 48. Rxd2 Ra3 49. Ne6+ Kh6 50. Nxf8 Qxf8 51. b5 Rc3 52. b6 Qf5 53. Qe4 Qd7 54. g4 Rxc4 55. g5+ Kg7 56. Rb2 Rc3 57. b7 1-0

[Event "GER-ch Net blitz qual2"]
[Site "Playchess.com INT"]
[Date "2021.05.04"]
[Round "3"]
[White "Kleeschaetzky, Rainer"]
[Black "Happe, Reinhold"]
[Result "0-1"]
[WhiteElo "2108"]
[BlackElo "1919"]
[PlyCount "100"]
[EventDate "2021.05.04"]
[EventType "swiss (blitz)"]
[EventRounds "11"]
[EventCountry "GER"]
[SourceTitle "CBM 202 Extra"]
[Source "ChessBase"]
[SourceDate "2021.07.31"]
[SourceVersion "1"]
[SourceVersionDate "2021.07.31"]
[SourceQuality "1"]

1. e4 e5 2. Nf3 d5 3. Nxe5 Bd6 4. d4 dxe4 5. Nc4 Nf6 6. Nxd6+ Qxd6 7. Be2 0-0 8. h3 Rd8 9. c3 Bf5 10. 0-0 Nbd7 11. Be3 c5 12. Nd2 cxd4 13. Bxd4 Ne5 14. Nc4 Nxc4 15. Bxc4 Rac8 16. Bb3 a6 17. Qe2 Bg6 18. Rad1 Qf4 19. Qe3 Qf5 20. Bb6 Rxd1 21. Rxd1 Re8 22. a4 h6 23. a5 Bh5 24. Rd2 Bg6 25. Rd4 Kh7 26. Ba4 Re5 27. c4 Qc8 28. b4 Rg5 29. Bd1 Nd7 30. Bg4 f5 31. Bd1 Nxb6 32. axb6 Be8 33. f4 Rg6 34. c5 Bc6 35. Bb3 Qf8 36. Kh2 h5 37. Bd1 h4 38. Qf2 Rg3 39. Qe2 g6 40. Rd6 e3 41. Rxc6 bxc6 42. Qxa6 Qd8 43. Qa7+ Kh6 44. b7 Qd2 45. Bf3 e2 46. b8Q Rxg2+ 47. Bxg2 Qxf4+ 48. Kg1 e1Q+ 49. Bf1 Qff2+ 50. Kh1 Qexf1# 0-1

[Event "GER-ch Net blitz qual1"]
[Site "Playchess.com INT"]
[Date "2021.04.24"]
[Round "8"]
[White "Cofman, Veaceslav"]
[Black "Kleeschaetzky, Rainer"]
[Result "1/2-1/2"]
[WhiteElo "2271"]
[BlackElo "2142"]
[PlyCount "159"]
[EventDate "2021.04.24"]
[EventType "swiss (blitz)"]
[EventRounds "11"]
[EventCountry "GER"]
[SourceTitle "CBM 202 Extra"]
[Source "ChessBase"]
[SourceDate "2021.07.31"]
[SourceVersion "1"]
[SourceVersionDate "2021.07.31"]
[SourceQuality "1"]

1. d4 d5 2. c4 c6 3. cxd5 cxd5 4. Nc3 Nf6 5. f3 Nc6 6. e4 e5 7. dxe5 Nxe5 8. f4 Ng6 9. e5 Ne4 10. Nxe4 dxe4 11. Qxd8+ Kxd8 12. Bc4 f5 13. Be3 Bd7 14. Rd1 Kc7 15. Ne2 Bb4+ 16. Kf2 Ba5 17. a3 Bb6 18. g3 Bc6 19. Nc3 Rad8 20. b4 Bxe3+ 21. Kxe3 a6 22. a4 Rxd1 23. Rxd1 Rd8 24. Rxd8 Kxd8 25. b5 axb5 26. axb5 Bd7 27. Kd4 Ne7 28. Kc5 Kc7 29. b6+ Kd8 30. e6 Bc6 31. Ne2 g6 32. Nd4 Ba4 33. Be2 h5 34. Kd6 Nc8+ 35. Ke5 Ke7 36. Ba6 Nxb6 37. Bxb7 Nc4+ 38. Kd5 Ne3+ 39. Kc5 Nf1 40. h4 Nxg3 41. Ba6 e3 42. Kd5 Be8 43. Ke5 Ba4 44. Bc4 Be8 45. Ba6 Ba4 46. Bc4 Be8 47. Nf3 e2 48. Kd4 Ba4 49. Ke3 Bd1 50. Kf2 Ne4+ 51. Ke1 Nd6 52. Bd5 Nb5 53. Ng1 Nc3 54. Bc4 Ne4 55. Nxe2 Bxe2 56. Kxe2 Nc5 57. Ke3 Nxe6 58. Bb5 Nc5 59. Bc4 Kd6 60. Bf7 Ke7 61. Bxg6 Kf6 62. Bxh5 Ne4 63. Bf3 Nc5 64. Bd5 Nd7 65. Kd4 Nf8 66. h5 Nh7 67. Kc5 Nf8 68. Kd6 Nh7 69. Kd7 Kg7 70. Ke7 Nf6 71. Bf7 Ne4 72. Bg6 Ng3 73. Ke6 Ne2 74. Kxf5 Nxf4 75. Kxf4 Kh8 76. h6 Kg8 77. h7+ Kh8 78. Kf5 Kg7 79. Ke6 Kh8 80. Kf7 1/2-1/2

[Event "GER-ch Net blitz qual1"]
[Site "Playchess.com INT"]
[Date "2021.04.24"]
[Round "5"]
[White "Reindl, Arno"]
[Black "Kleeschaetzky, Rainer"]
[Result "1-0"]
[WhiteElo "2132"]
[BlackElo "2142"]
[PlyCount "27"]
[EventDate "2021.04.24"]
[EventType "swiss (blitz)"]
[EventRounds "11"]
[EventCountry "GER"]
[SourceTitle "CBM 202 Extra"]
[Source "ChessBase"]
[SourceDate "2021.07.31"]
[SourceVersion "1"]
[SourceVersionDate "2021.07.31"]
[SourceQuality "1"]

1. e4 e6 2. d4 d5 3. Nd2 Nc6 4. Ngf3 Nf6 5. e5 Nd7 6. Nb3 a5 7. a4 b6 8. Bb5 Ncb8 9. Ng5 h6 10. Nxe6 fxe6 11. Qh5+ Ke7 12. Bg5+ Nf6 13. exf6+ gxf6 14. Bxf6+ 1-0

[Event "GER-ch Net Amateur Gr-A Final"]
[Site "Playchess.com INT"]
[Date "2020.04.18"]
[Round "6"]
[White "Kleeschaetzky, Rainer"]
[Black "Gallasch, Jonas"]
[Result "1/2-1/2"]
[WhiteElo "2035"]
[BlackElo "1994"]
[PlyCount "180"]
[EventDate "2020.04.18"]
[EventType "swiss (blitz)"]
[EventRounds "13"]
[EventCountry "GER"]
[SourceTitle "CBM 195 Extra"]
[Source "ChessBase"]
[SourceDate "2020.05.31"]
[SourceVersion "1"]
[SourceVersionDate "2020.05.31"]
[SourceQuality "1"]

1. e4 c6 2. d4 d5 3. e5 c5 4. dxc5 e6 5. a3 Nc6 6. Nf3 Bxc5 7. b4 Bb6 8. Bb2 Nge7 9. Bd3 Ng6 10. 0-0 0-0 11. c4 Nf4 12. c5 Bc7 13. Re1 f6 14. exf6 gxf6 15. Bf1 e5 16. Nc3 Be6 17. g3 Ng6 18. Bg2 Qd7 19. h4 d4 20. Ne4 f5 21. Neg5 Bd5 22. h5 Nh8 23. Nh4 a5 24. b5 Nd8 25. a4 Bxg2 26. Nxg2 Qd5 27. Nf3 Nhf7 28. Qe2 Re8 29. Rad1 Ne6 30. Nfh4 e4 31. Ne3 Qxc5 32. Nexf5 d3 33. Qg4+ Neg5 34. Bf6 Bd8 35. Bxg5 Bxg5 36. Ng2 Kh8 37. Rxe4 Rxe4 38. Qxe4 d2 39. Qd4+ Qxd4 40. Nxd4 Rc8 41. f4 Rc1 42. Ne3 Be7 43. Nb3 Rc3 44. Nd5 Rxb3 45. Nxe7 Rd3 46. Kf2 Nd6 47. Ke2 Rxg3 48. Rxd2 Rg2+ 49. Kd1 Rxd2+ 50. Kxd2 Nc4+ 51. Kc3 Nb6 52. h6 Nxa4+ 53. Kb3 Nb6 54. f5 Nd7 55. b6 Nxb6 56. f6 Nd7 57. f7 b5 58. Nd5 b4 59. Ka4 Nf8 60. Kxa5 b3 61. Nc3 b2 62. Ka4 Nd7 63. Ka3 Nf8 64. Kxb2 Ne6 65. Kb3 Nf8 66. Kc4 Ne6 67. Nd5 Nf8 68. Nf6 Nd7 69. Ne8 Nf8 70. Kd5 Ng6 71. Kd6 Nf8 72. Nf6 Nd7 73. Ke7 Nf8 74. Ke8 Ne6 75. Nd7 Nf8 76. Ne5 Ne6 77. Ke7 Nf8 78. Ng4 Ng6+ 79. Kf6 Nf8 80. Ne5 Nd7+ 81. Ke6 Nf8+ 82. Kf5 Nd7 83. Nc6 Nf8 84. Ne7 Nd7 85. Ng6+ hxg6+ 86. Kxg6 Nf8+ 87. Kf6 Kh7 88. Ke7 Ng6+ 89. Ke8 Kxh6 90. f8Q+ Nxf8 1/2-1/2

[Event "GER-ch Net Amateur Gr-A Final"]
[Site "Playchess.com INT"]
[Date "2020.04.18"]
[Round "1"]
[White "Kleeschaetzky, Rainer"]
[Black "Nuber, Korbinian"]
[Result "0-1"]
[WhiteElo "2035"]
[BlackElo "2196"]
[PlyCount "186"]
[EventDate "2020.04.18"]
[EventType "swiss (blitz)"]
[EventRounds "13"]
[EventCountry "GER"]
[SourceTitle "CBM 195 Extra"]
[Source "ChessBase"]
[SourceDate "2020.05.31"]
[SourceVersion "1"]
[SourceVersionDate "2020.05.31"]
[SourceQuality "1"]

1. e4 Nf6 2. Nc3 d5 3. e5 d4 4. Nce2 d3 5. exf6 dxe2 6. Qxe2 gxf6 7. d3 Nc6 8. Nf3 Bg4 9. h3 Nd4 10. Qd1 Bxf3 11. gxf3 Qd5 12. Be2 0-0-0 13. Be3 Rg8 14. Bxd4 Qxd4 15. c3 Qe5 16. Qb3 e6 17. d4 Qf4 18. Qc2 Bh6 19. Kf1 f5 20. Rd1 Rg6 21. Ke1 Rg2 22. Rf1 Qh4 23. Qd3 Qxh3 24. c4 Qh4 25. a3 Bg7 26. d5 Bxb2 27. Qe3 Qf6 28. Rd3 Kb8 29. Kd2 h5 30. Rb1 Be5 31. Rdb3 b6 32. Kc2 f4 33. Qe4 Qg6 34. Qxg6 fxg6 35. dxe6 Rxf2 36. Re1 Bd4 37. Rd3 c5 38. Kd1 Re8 39. Rf1 Rxf1+ 40. Bxf1 Rxe6 41. Rd2 g5 42. Re2 Be3 43. Rh2 Rh6 44. Bh3 Kc7 45. Bf5 Kd6 46. Kc2 Ke5 47. Bc8 Kd4 48. Kb3 Kd3 49. Bf5+ Kd4 50. Rh1 Ke5 51. Bc8 Kf6 52. Kc3 Kg6 53. Bb7 Rh8 54. Be4+ Kh6 55. Rd1 Re8 56. Rd6+ Kg7 57. Rg6+ Kf8 58. Rxg5 Bd4+ 59. Kd3 Re5 60. Rg6 Kf7 61. Rh6 Rg5 62. Bd5+ Kg7 63. Re6 h4 64. Re7+ Kh6 65. Be4 Rg7 66. Re6+ Kg5 67. Re8 Rd7 68. Rg8+ Kh5 69. Bg6+ Kh6 70. Bf5 Re7 71. Bg4 Re3+ 72. Kd2 Rxa3 73. Rf8 Be3+ 74. Kc2 Ra2+ 75. Kd3 Kg5 76. Rg8+ Kf6 77. Rh8 Ra3+ 78. Ke4 Rc3 79. Kd5 Bf2 80. Rh6+ Kg7 81. Rh5 a5 82. Kc6 a4 83. Bf5 a3 84. Rh7+ Kf6 85. Bg4 Rxc4 86. Kxb6 Ra4 87. Kb5 Ra8 88. Rh6+ Kg5 89. Rh5+ Kg6 90. Rd5 a2 91. Bf5+ Kf6 92. Be4 a1Q 93. Rd6+ Ke7 0-1

[Event "GER-ch Net Amateur Gr-A Vor3"]
[Site "Playchess.com INT"]
[Date "2020.04.16"]
[Round "3"]
[White "Huber, Philipp"]
[Black "Kleeschaetzky, Rainer"]
[Result "1-0"]
[WhiteElo "1620"]
[BlackElo "2079"]
[PlyCount "71"]
[EventDate "2020.04.16"]
[EventType "swiss (blitz)"]
[EventRounds "9"]
[EventCountry "GER"]
[SourceTitle "CBM 195 Extra"]
[Source "ChessBase"]
[SourceDate "2020.05.31"]
[SourceVersion "1"]
[SourceVersionDate "2020.05.31"]
[SourceQuality "1"]

1. d4 d5 2. Bg5 c6 3. c4 Bf5 4. e3 dxc4 5. Bxc4 Bxb1 6. Rxb1 Qa5+ 7. Kf1 Qxg5 8. Qb3 Nd7 9. Bxf7+ Kd8 10. Bxg8 Qb5+ 11. Qxb5 cxb5 12. Be6 h5 13. Nf3 Rh6 14. Ng5 Rf6 15. Ke2 g6 16. d5 Nc5 17. b4 Nxe6 18. Nxe6+ Kd7 19. Rbc1 Kd6 20. Rhd1 Bh6 21. f4 a5 22. bxa5 Rxa5 23. Rc2 b4 24. Rcd2 Rf5 25. e4 Rf7 26. e5+ Kd7 27. g3 h4 28. Rc2 Rxd5 29. Rxd5+ Kxe6 30. Rb5 Rf8 31. Rxb4 hxg3 32. hxg3 Kf5 33. Kf3 g5 34. g4+ Kg6 35. f5+ Kg7 36. Rxb7 1-0

[Event "GER-ch Net Amateur Gr-A Vor3"]
[Site "Playchess.com INT"]
[Date "2020.04.16"]
[Round "7"]
[White "Marcziter, Dmitrii"]
[Black "Kleeschaetzky, Rainer"]
[Result "1-0"]
[WhiteElo "2047"]
[BlackElo "2058"]
[PlyCount "87"]
[EventDate "2020.04.16"]
[EventType "swiss (blitz)"]
[EventRounds "9"]
[EventCountry "GER"]
[SourceTitle "CBM 195 Extra"]
[Source "ChessBase"]
[SourceDate "2020.05.31"]
[SourceVersion "1"]
[SourceVersionDate "2020.05.31"]
[SourceQuality "1"]

1. d4 d5 2. c4 c6 3. Nf3 Nf6 4. Qc2 e6 5. Bg5 Nbd7 6. cxd5 exd5 7. Nc3 Be7 8. e3 0-0 9. Bd3 Re8 10. 0-0 Ne4 11. Bxe4 dxe4 12. Nxe4 Nf8 13. Bxe7 Qxe7 14. Nc3 Bg4 15. Ne5 Bh5 16. h3 f6 17. Qb3+ Kh8 18. Nd3 Bf7 19. Qc2 Bg6 20. Qd2 Rad8 21. Nf4 Bf7 22. Qe2 c5 23. dxc5 Qxc5 24. Rfd1 a6 25. Rxd8 Rxd8 26. Rd1 Rxd1+ 27. Qxd1 Kg8 28. Qd4 Qc6 29. Nfd5 Qd6 30. Qb6 Qd7 31. Qc5 h5 32. e4 Ng6 33. Qc7 Qe8 34. Qxb7 Kh7 35. Qxa6 Qe5 36. Qe2 h4 37. Qg4 Qd4 38. Qf5 Qd2 39. Ne7 Kh6 40. Ncd5 Nxe7 41. Nxe7 Qxb2 42. Qf4+ Kh7 43. Qxh4+ Bh5 44. Qxh5# 1-0

[Event "GER-ch Net Amateur Gr-A Vor2"]
[Site "Playchess.com INT"]
[Date "2020.04.15"]
[Round "9"]
[White "Kleeschaetzky, Rainer"]
[Black "Lambertz, Michael"]
[Result "1-0"]
[WhiteElo "2047"]
[BlackElo "1922"]
[PlyCount "107"]
[EventDate "2020.04.15"]
[EventType "swiss (blitz)"]
[EventRounds "9"]
[EventCountry "GER"]
[SourceTitle "CBM 196 Extra"]
[Source "ChessBase"]
[SourceDate "2020.07.31"]
[SourceVersion "1"]
[SourceVersionDate "2020.07.31"]
[SourceQuality "1"]

1. e4 e5 2. Nf3 Nc6 3. c3 Nf6 4. d4 exd4 5. e5 Nd5 6. Bb5 a6 7. Ba4 Nb6 8. Bb3 Be7 9. cxd4 0-0 10. 0-0 d6 11. h3 dxe5 12. dxe5 Bf5 13. Nc3 Qxd1 14. Rxd1 Rad8 15. Be3 Na5 16. Bxb6 cxb6 17. Bd5 Nc6 18. a3 Rfe8 19. Rd2 Be6 20. Rad1 Kf8 21. Be4 h6 22. Rxd8 Rxd8 23. Rxd8+ Bxd8 24. Kf1 Ke7 25. Ke2 Bc7 26. Bxc6 bxc6 27. Nd4 Bd7 28. f4 c5 29. Nf3 Bc6 30. Ke3 f6 31. exf6+ Kxf6 32. Ne4+ Kf7 33. g4 g6 34. h4 c4 35. g5 hxg5 36. hxg5 b5 37. Nf6 a5 38. Nd4 Bb6 39. Ng4 b4 40. Ne5+ Ke7 41. axb4 Be8 42. bxa5 Bxa5 43. Ndc6+ Ke6 44. Nxa5 Kd5 45. b4 c3 46. Kd3 c2 47. Nb3 Ba4 48. Nc1 Ke6 49. Nxg6 Kf5 50. Ne5 Kxf4 51. g6 Bb3 52. Nxb3 Kxe5 53. g7 c1Q 54. Nxc1 1-0

[Event "GER-ch Net Amateur Gr-A Vor1"]
[Site "Playchess.com INT"]
[Date "2020.04.14"]
[Round "1"]
[White "Kleeschaetzky, Rainer"]
[Black "Ruprecht, Martin"]
[Result "1-0"]
[WhiteElo "2060"]
[BlackElo "1795"]
[PlyCount "33"]
[EventDate "2020.04.14"]
[EventType "swiss (blitz)"]
[EventRounds "9"]
[EventCountry "GER"]
[SourceTitle "EXT 2021"]
[Source "ChessBase"]
[SourceDate "2020.10.23"]
[SourceVersion "1"]
[SourceVersionDate "2020.10.23"]
[SourceQuality "1"]

1. e4 e6 2. d4 d5 3. e5 c5 4. c3 Nc6 5. Nf3 Nge7 6. Na3 cxd4 7. cxd4 Qb6 8. Nc2 Nf5 9. Bd3 Be7 10. 0-0 0-0 11. a3 a5 12. g4 Nh4 13. Nxh4 Bxh4 14. g5 Qb3 15. Rb1 Bd7 16. Qf3 Ne7 17. Bxh7+ 1-0